Marxisme et lutte de classe (niveau avancé) - Partie 2 - Statistiques

Statistiques générales
  • Ce quiz a été pris 69 fois
  • Le résultat moyen est 3 sur 10
Statistiques - réponses
Hint Réponse % Correct
Substance extorquée aux travailleurs par le capitaliste via le surtravail Plus-value
83%
Tisserands connus pour leurs révoltes, surtout situés à Lyon Canuts
52%
Quand quelle ville a lieu l'insurrection de marins en 1921 en Russie Kronstadt
40%
Date exacte du début de la "Commune de Paris" 18 mars 1871
37%
Initiales de l'organisation internationale créée en 1864 par Karl Marx A.I.T
33%
Co-dirigeant des Spartakistes en Allemagne avec Rosa Luxembourg Karl Liebknecht
29%
Mois et année de la protestation ouvrière contre la fermeture des ateliers nationaux juin 1848
19%
Nom complet de l'épouse de Karl Marx Jenny von Westphalen
14%
Prêtre et porte-plume des "Enragés" durant la Révolution française Jacques Roux
10%
Prêtre et leader des paysans insurgés allemands en 1525 durant la "guerre des Rustauds" Thomas Müntzer
10%
Aucun quiz correspondant
Distribution des résultats
% des personnes avec chaque résultat
Percentile par nombre de réponses
Votre historique - résultats
Vous n’avez pas pris ce quiz